| 000 | 01346nam a2200265Ia 4500 | ||
|---|---|---|---|
| 008 | 0000002003 pr ad 0000000000spa00 | ||
| 090 | _aPPR00 N62n | ||
| 245 | 1 | 0 |
_aNoemí Ruiz _b: síntesis de mi espacio y tiempo _c/ ensayo Fernando Cros ; fotografías Johnny Betancourt |
| 300 |
_a[12] p. _c/ 22 cm. |
||
| 500 | _aExposición realizada en Biaggi and Faure Fine Arts, Puerto Rico, octubre 2 al 27 de 2003 \ Incluye datos biográficos del artista \ Registro auspiciado por la FGAA. Bogotá | ||
| 501 | _aLa pintura de Noemi Ruiz : diferencia, ruptura y continuidad / Fernando Cros | ||
| 505 | _aOBRAS ; Línea de estrella fugáz, un deseo de otoño Ritmo de azules y laberinto oculto Paisaje cambiente, el paisaje de mi isla no siempre es verde Espacio rojo y veleros en el tiempo Calor de verano | ||
| 600 | 0 | 0 |
_aRUIZ, NOEMI, 1931/ _xTRABAJOS PICTORICOS |
| 650 | 1 | 4 | _aARTE ABSTRACTO |
| 650 | 1 | 4 | _aARTE CONTEMPORANEO PUERTORRIQUEÑO |
| 650 | 1 | 4 | _aARTISTAS PLASTICOS PUERTORRIQUEÑOS |
| 650 | 1 | 4 | _xCATALOGOS |
| 650 | 1 | 4 | _xEXPOSICIONES |
| 650 | 1 | 4 | _aGEOMETRIA EN EL ARTE |
| 650 | 1 | 4 | _aPINTORES PUERTORRIQUEÑOS |
| 650 | 1 | 4 | _aPINTURA ABSTRACTA |
| 650 | 1 | 4 | _aPINTURA PUERTORRIQUEÑA |
| 700 | 1 | _aCros, Fernando \ Betancourt, Johny | |
| 999 |
_c10714 _d10714 |
||
| 260 |
_aPuerto Nuevo (Puerto Rico) : Biaggi and Faure Fine Arts _c2003 |
||